| 000 -ლიდერი |
| ფიქსირებული სიგრძის საკონტროლო ველი |
00880nam a22002057a 4500 |
| 003 - საკონტროლო ნომრის იდენტიფიკატორი |
| საკონტროლო ველი |
Ge_BSU |
| 005 - ბოლო ოპერაციის თარიღი და დრო |
| საკონტროლო ველი |
20200810115557.0 |
| 008 - ფიქსირებული სიგრძის მონაცემთა ელემენტები - ზოგადი ინფორმაცია |
| ფიქსირებული სიგრძის საკონტროლო ველი |
200810s2018 ge ||||| |||| 00| 0 geo d |
| 020 ## - წიგნის საერთაშორისო სტანდარტული ნომერი |
| International Standard Book Number |
9789941254253 |
| 041 ## - ენის კოდი |
| Language code of text/sound track or separate title |
geo |
| 080 ## - უნივერსალური ათობითი კლასიფიკაციის ინდექსი |
| Universal Decimal Classification number |
821.353.1-31 ნ-62 |
| 100 ## - მთავარი ჩანაწერი - პიროვნების სახელი |
| Personal name |
ნიკურაძე, თამარ |
| 9 (RLIN) |
9135 |
| 245 ## - ცნობა სათაურის შესახებ |
| Title |
ციგრიტი / |
| Statement of responsibility, etc |
თამარ ნიკურაძე; რედ. ნადია გუნდაძე; მხატვ. რ. მჟავანაძე. |
| 264 ## - წარმოების, გამოცემის, დისტრიბუციის და სხვა ცნობები |
| გამოცემის, წარმოების, დისტრიბუციის... ადგილი |
თბილისი : |
| გამოცემის, წარმოების, დისტრიბუციის... სახელწოდება |
მერიდიანი, |
| გამოცემის, წარმოების, დისტრიბუციის... თარიღი |
2018. |
| 300 ## - ფიზიკური აღწერა |
| Extent |
90 გვ. |
| Other physical details |
14 სმ. |
| 653 ## - INDEX TERM--UNCONTROLLED |
| Uncontrolled term |
მხატვრული ლიტერატურა |
| 700 ## - ADDED ENTRY--PERSONAL NAME |
| Personal name |
გუნდაძე, ნადია |
| Relator term |
რედაქტორი |
| 9 (RLIN) |
9136 |
| 700 ## - ADDED ENTRY--PERSONAL NAME |
| Personal name |
მჟავანაძე, რ. |
| Relator term |
მხატვარი |
| 9 (RLIN) |
9137 |
| 942 ## - ADDED ENTRY ELEMENTS (KOHA) |
| Source of classification or shelving scheme |
|
| Koha item type |
წიგნი |